Principales îles des Caraïbes sur une carte - Statistiques

Statistiques générales
  • Ce quiz a été pris 342 fois
  • Le résultat moyen est 7 sur 20
Réponses sur la Carte
Les réponses sont colorées sur une échelle allant du rouge au vert en fonction du pourcentage des utilisateurs qui les ont devinées à leur premier essai. Vous pouvez retrouver ces pourcentages ci-dessous.
 
Statistiques - réponses
km2 Ile % Correct
105,806 Cuba
99%
76,479 Hispaniola
96%
11,188 Jamaïque
91%
616 Sainte-Lucie
69%
848 Guadeloupe
67%
1,128 Martinique
66%
750 Dominique
65%
4,827 Trinité
60%
8,896 Porto Rico
53%
587 Grande-Terre
9%
1,373 Grand Bahama
4%
2,237 Île de la Jeunesse
4%
1,144 Great Abaco
3%
1,543 Great Inagua
2%
1,020 Ile Marguerite
2%
743 La Gonâve
2%
777 Cayo Romano
1%
647 Cozumel
1%
3,439 North Andros
1%
1,447 South Andros
1%
Aucun quiz correspondant
Distribution des résultats
% des personnes avec chaque résultat
Percentile par nombre de réponses
Votre historique - résultats
Vous n’avez pas pris ce quiz